Dressing up : transvestism and drag : the history of an obsession /
I tiakina i:
| Kaituhi matua: | |
|---|---|
| Hōputu: | Pukapuka |
| Reo: | Ingarihi |
| I whakaputaina: |
London :
Thames and Hudson,
1979
|
| Ngā marau: | |
| Ngā Tūtohu: |
Kāore He Tūtohu, Me noho koe te mea tuatahi ki te tūtohu i tēnei pūkete!
|
MARC
| LEADER | 00000nam a22000007i 4500 | ||
|---|---|---|---|
| 001 | IT\ICCU\LO1\0617336 | ||
| 003 | ItRI | ||
| 005 | 20240319165852.0 | ||
| 008 | 020621s1979 xxk|||||| ||||| |||||c | ||
| 040 | |b ita |c GP | ||
| 041 | 7 | |a eng |2 ISO-639-2 | |
| 100 | 1 | |a Ackroyd, Peter |0 IT\ICCU\CFIV\059495 |4 aut | |
| 245 | 1 | 0 | |a Dressing up : |b transvestism and drag : the history of an obsession / |c Peter Ackroyd. |
| 260 | |a London : |b Thames and Hudson, |c 1979 | ||
| 300 | |a 160 p. : |b ill. ; |c 23 cm. | ||
| 650 | 7 | |a Travestitismo | |
| 942 | |2 ddc |c BK | ||
| 952 | |0 0 |1 0 |2 ddc |4 0 |6 306_000000000000000_ACK |7 1 |9 1044 |a RM |b RM |d 2024-03-19 |l 0 |o 306 ACK |p 536 |r 2024-03-19 16:59:14 |w 2024-03-19 |y BK | ||
| 981 | 1 | |6 z01 |a i |b xxxe | |
| 982 | 1 | |6 z01 |a n | |
| 999 | |c 945 |d 945 | ||